Online
Catalog

Roles de las zonas francas industriales en el desarrollo económico de la República Dominicna / (Record no. 28568)

MARC details
000 -CABECERA
campo de control de longitud fija 00732nam a2200169 a 4500
001 - NÚMERO DE CONTROL
campo de control 000029076
005 - FECHA Y HORA DE LA ÚLTIMA TRANSACCIÓN
campo de control 20210408120842.0
008 - DATOS DE LONGITUD FIJA--INFORMACIÓN GENERAL
campo de control de longitud fija 110413s1993 dr ac 000 0 spa d
040 ## - FUENTE DE LA CATALOGACIÓN
Centro catalogador/agencia de origen DO-SdBNP
Lengua de catalogación spa
Centro/agencia transcriptor BNPHU
082 ## - NÚMERO DE LA CLASIFICACIÓN DECIMAL DEWEY
Número de clasificación xxx
Número de documento/Ítem C748r
049 ## - FONDOS LOCALES (OCLC)
Fondos de biblioteca BNPD
111 1# - ENTRADA PRINCIPAL--NOMBRE DE CONGRESO/REUNIÓN
Nombre de congreso/reunión o jurisdicción como elemento de entrada Conferencia roles de las zonas francas industriales en el desarrollo económico de la República Dominicna
Fecha del congreso/reunión (1993: oct. 5
Sede del congreso/Lugar de la reunión Santo Domingo)
9 (RLIN) 55975
245 10 - MENCIÓN DE TÍTULO
Título Roles de las zonas francas industriales en el desarrollo económico de la República Dominicna /
Mención de responsabilidad, etc. José Antonio Guzamán Álvares.
260 ## - PUBLICACIÓN, DISTRIBUCIÓN, ETC.
Lugar de publicación, distribución, etc. Santo Domingo :
Nombre del editor, distribuidor, etc. Universidad Autónoma de Santo Domingo,
Fecha de publicación, distribución, etc. 1993.
300 ## - DESCRIPCIÓN FÍSICA
Extensión 27 p. :
Otras características físicas il. retr. ;
Dimensiones 22 cm.
700 ## - PUNTO DE ACCESO ADICIONAL--NOMBRE DE PERSONA
Nombre de persona Guzmán Álvares, José Antonio
9 (RLIN) 55976
Holdings
Estado de retiro Estado de pérdida No para préstamo Código de colección Localización permanente Ubicación/localización actual Ubicación en estantería Fecha de adquisición Número de inventario Total de préstamos Signatura topográfica completa Código de barras Fecha visto por última vez Precio válido a partir de Tipo de ítem Koha
      Patrimonio Dominicano Patrimonio Dominicano Patrimonio Dominicano Orden iniciada 13.04.2011 LF1   xxx C748r 29076-10 25.06.2020 25.06.2020 Libro y Folleto Colección Patrimonio Dominicano

Powered by Koha